| 000 | 00999nas a2200313 4500 | ||
|---|---|---|---|
| 001 | BR0203535 | ||
| 003 | BR-BrBNA | ||
| 005 | 20231205103119.0 | ||
| 007 | ta | ||
| 008 | 230509b bl.|||p| |||| 00| 00por d | ||
| 040 |
_aBR-BrBNA _bpor _cBiblioteca Nacional de Agricultura |
||
| 041 | _a(Pt) | ||
| 072 | _aL02 | ||
| 100 | 1 | _aFontaínhas-Fernandes, A. | |
| 100 | 1 | _aGomes, E. | |
| 100 | 1 | _aReis-Henriques, M.A. | |
| 100 | 1 | _aCoimbra, J. | |
| 245 | 1 | _aEfeito da suplementação da dieta com NaCl no crescimento de tilápia Oreochromis niloticus cultivada em diferentes salinidades | |
| 650 | _aTILÁPIA | ||
| 650 | _aCRESCIMENTO | ||
| 650 | _aDIETA | ||
| 650 | _aSUPLEMENTO ALIMENTAR | ||
| 650 | _aCLORETO DE SÓDIO | ||
| 650 | _aÁGUA DOCE | ||
| 650 | _aÁGUA SALOBRA | ||
| 773 | 0 |
_tArquivo Brasileiro de Medicina Veterinária e Zootecnia (Brazil) _xISSN 0102-0935 _g(Apr 2002), v. 54(2) p. 204-211 _wBR0203535 |
|
| 909 |
_a202311 _bLúcia _c55 _dLúcia Elande |
||
| 942 |
_2AGRIS _n0 _cANA |
||
| 999 |
_c171150 _d171150 |
||